| 000 | 00396nam a2200169 a 4500 | ||
|---|---|---|---|
| 008 | 190521s2012|||| d | ||
| 100 | 1 | _aBolotov Boris | |
| 245 | 1 | 0 | _aZdravý človek v nezdravém svete |
| 260 |
_c2012 _bZvoníci cedry _aPraha |
||
| 250 | _a1.vydanie | ||
| 020 |
_a9788087454053 _c0 |
||
| 300 | _a174s. | ||
| 490 | _aeugenika | ||
| 958 | _aA | ||
| 041 | _acze | ||
| 044 | _aCZ | ||
| 999 |
_c20692 _d20692 |
||